|
|
|
|
| LEADER |
00000cam a22000004a 4500 |
| 001 |
musev2_59939 |
| 003 |
MdBmJHUP |
| 005 |
20230905050147.0 |
| 006 |
m o d |
| 007 |
cr||||||||nn|n |
| 008 |
941006s1995 nyu o 00 0 eng d |
| 020 |
|
|
|a 9781501732072
|
| 020 |
|
|
|z 9780801499616
|
| 020 |
|
|
|z 9780801426674
|
| 035 |
|
|
|a (OCoLC)1080550855
|
| 040 |
|
|
|a MdBmJHUP
|c MdBmJHUP
|
| 100 |
1 |
|
|a Otter, William,
|d 1787-1856.
|
| 245 |
1 |
0 |
|a History of My Own Times; or, the Life and Adventures of William Otter, Sen., Comprising a Series of Events, and Musical Incidents Altogether Original /
|c William Otter ; edited by Richard B. Stott.
|
| 264 |
|
1 |
|a Ithaca :
|b Cornell University Press,
|c 1995.
|
| 264 |
|
3 |
|a Baltimore, Md. :
|b Project MUSE,
|c 2019
|
| 264 |
|
4 |
|c ©1995.
|
| 300 |
|
|
|a 1 online resource (256 pages):
|b illustrations, maps
|
| 336 |
|
|
|a text
|b txt
|2 rdacontent
|
| 337 |
|
|
|a computer
|b c
|2 rdamedia
|
| 338 |
|
|
|a online resource
|b cr
|2 rdacarrier
|
| 490 |
0 |
|
|a Documents in American social history
|
| 588 |
|
|
|a Description based on print version record.
|
| 600 |
1 |
7 |
|a Otter, William,
|d 1787-1856.
|2 fast
|0 (OCoLC)fst00263873
|
| 600 |
1 |
0 |
|a Otter, William,
|d 1787-1856.
|
| 651 |
|
7 |
|a United States.
|2 fast
|0 (OCoLC)fst01204155
|
| 651 |
|
6 |
|a États-Unis
|x Moeurs et coutumes
|y 1783-1865.
|
| 651 |
|
0 |
|a United States
|x Social life and customs
|y 1783-1865.
|
| 650 |
|
7 |
|a Manners and customs.
|2 fast
|0 (OCoLC)fst01007815
|
| 650 |
|
7 |
|a Artisans.
|2 fast
|0 (OCoLC)fst00817519
|
| 650 |
|
7 |
|a HISTORY
|z United States
|y 19th Century.
|2 bisacsh
|
| 650 |
|
6 |
|a Artisans
|z États-Unis
|v Biographies.
|
| 650 |
|
0 |
|a Artisans
|z United States
|v Biography.
|
| 655 |
|
7 |
|a Biographies.
|2 rvmgf
|
| 655 |
|
7 |
|a Biographies.
|2 lcgft
|
| 655 |
|
7 |
|a Biographies.
|2 fast
|0 (OCoLC)fst01919896
|
| 655 |
|
2 |
|a Biography
|
| 655 |
|
7 |
|a Electronic books.
|2 local
|
| 700 |
1 |
|
|a Stott, Richard Briggs.
|
| 710 |
2 |
|
|a Project Muse.
|e distributor
|
| 830 |
|
0 |
|a Book collections on Project MUSE.
|
| 856 |
4 |
0 |
|z Texto completo
|u https://projectmuse.uam.elogim.com/book/59939/
|
| 945 |
|
|
|a Project MUSE - Custom Collection
|
| 945 |
|
|
|a Project MUSE - Archive Complete Supplement VII
|
| 945 |
|
|
|a Project MUSE - Archive History Supplement VII
|